|
|
|
|
| LEADER |
00886nam a2200241 a 4500 |
| 001 |
c000341011 |
| 003 |
CARM |
| 005 |
00000000000000.0 |
| 008 |
831101s1944 xnaa 00010 eng d |
| 019 |
1 |
|
|a 2857383
|5 LACONCORD2021
|
| 035 |
|
|
|a (OCoLC)2791833
|5 LACONCORD2021
|
| 040 |
|
|
|a VDU
|c VDU
|
| 043 |
|
|
|a u-at---
|
| 082 |
1 |
|
|a 919.4/003
|2 19
|
| 100 |
1 |
|
|a Martin, A. E.
|q (Archibald Edward)
|
| 245 |
1 |
0 |
|a Place names in Victoria and Tasmania /
|c by A.E. Martin.
|
| 260 |
|
|
|a Sydney :
|b N.S.W. Bookstall Co.,
|c 1944.
|
| 300 |
|
|
|a 107, [1] p. :
|b ill. ;
|c 19 cm.
|
| 650 |
|
0 |
|a Names, Geographical
|z Victoria.
|
| 650 |
|
0 |
|a Names, Geographical
|z Tasmania.
|
| 852 |
8 |
|
|b CARM
|h A1:AN14B0
|i A04714
|p 0415092
|f BK
|
| 999 |
f |
f |
|i a6acc254-b276-538f-b028-ae76f539cfd2
|s 0c9374c9-56fa-52e2-a65b-01960b3b1630
|
| 952 |
f |
f |
|p Can circulate
|a CAVAL
|b CAVAL
|c CAVAL
|d CARM 1 Store
|e A04714
|f A1:AN14B0
|h Other scheme
|i book
|m 0415092
|